Countries where capital punishment has been abolished or discontinued / (Record no. 174983)

MARC details
000 -LEADER
campo de control de longitud fija 01170nam a2200229 i 4500
001 - NÚMERO DE CONTROL
campo de control 174983
003 - IDENTIFICADOR DE NÚMERO DE CONTROL
campo de control ES-MaACL
005 - FECHA Y HORA DE LA ÚLTIMA TRANSACCIÓN
campo de control 20250808034529.0
008 - DATOS DE LONGITUD FIJA--INFORMACIÓN GENERAL
campo de control de longitud fija 100906s1878 xxk |||| | eng d
110 2# - ENTRADA PRINCIPAL--NOMBRE DE ENTIDAD CORPORATIVA
Nombre de entidad corporativa o nombre de jurisdicción como elemento de entrada Howard Association (London)
9 (RLIN) 134440
245 10 - MENCIÓN DEL TÍTULO
Título Countries where capital punishment has been abolished or discontinued /
Mención de responsabilidad, etc. (issued by the Howard Association).
260 ## - PUBLICACIÓN, DISTRIBUCIÓN, ETC.
Lugar de publicación, distribución, etc. [London :
Nombre del editor, distribuidor, etc. Wertheimer, Lea & Co,
Fecha de publicación, distribución, etc. 1878?]
300 ## - DESCRIPCIÓN FÍSICA
Extensión [4] páginas ;
Dimensiones 20 cm.
500 ## - NOTA GENERAL
Nota general Argues the case for the abolition of the death penalty by examining the experiences of those countries which have already abolished it.
594 ## - Nota al título y mención de responsabilidad
Nota al título y mención de responsabilidad Tít. tomado de principio del texto.
650 07 - PUNTO DE ACCESO ADICIONAL DE MATERIA--TÉRMINO DE MATERIA
Término de materia o nombre geográfico como elemento de entrada Pena de muerte
Fuente del encabezamiento o término embne
9 (RLIN) 15915
852 ## - LOCALIZACIÓN
Ubicación ES-MaACL
Número de control de estantería D-273(6)
itemnumber 181718
Sublocalización o colección R.FOLL.12/6
Ubicación en estantería Sala Valle Inclán
Signatura antigua Olim: 193-C-3
Marcas de propiedad Sello en tinta en la hoja de guarda anterior recto: "Donativo del Sr. Lastres al Ateneo de Madrid 1907"
Donativo/Legado Donación: Francisco Lastres y Juiz
Encuadernación Encuadernado con otras obras formando un volumen facticio
903 ## - NOMBRE PERSONAL DE DONANTE
a Lastres y Juiz, Francisco,
d 1848-1918
q 1
e Donante
9 70504
942 ## - ELEMENTOS DE ENTRADA SECUNDARIOS (KOHA)
Fuente del sistema de clasificación o colocación Clasificación decimal universal
Tipo de ítem Koha Folleto
Suprimir en OPAC No
Holdings
Estatus retirado Estado de pérdida Fuente del sistema de clasificación o colocación Estado de daño No para préstamo Colección Biblioteca de origen Biblioteca actual Ubicación en estantería Fecha de adquisición Fuente de adquisición Total de préstamos Signatura topográfica completa Código de barras Visto por última vez Precio de reemplazo Tipo de ítem Koha
    Clasificación decimal universal     Colección de folletos Biblioteca del Ateneo de Madrid Biblioteca del Ateneo de Madrid Sala Valle Inclán 06/09/2010 Donación   D-273(6) 901183734 23/02/2023 23/02/2023 Folleto